Canciones de Pop Girls - Estadísticas

Estadísticas generales
  • Esta prueba ha sido intentada 29 veces
  • La puntuación promedio es 20 de 27
Estadísticas de respuestas
Hint Respuesta % Correcto
Bad guy Billie Eilish
100%
Flowers Miley Cyrus
96%
Blank Space Taylor Swift
96%
7 rings Ariana Grande
93%
Problem Ariana Grande
89%
Into You Ariana Grande
89%
Party In The U.S.A. Miley Cyrus
89%
Manchild Sabrina Carpenter
89%
Dangerous Woman Ariana Grande
85%
Please Please Please Sabrina Carpenter
85%
BIRDS OF A FEATHER Billie Eilish
81%
Opalite Taylor Swift
78%
Lover Taylor Swift
78%
Bad idea right? Olivia Rodrigo
74%
Traitor Olivia Rodrigo
74%
Thumbs Sabrina Carpenter
70%
Enchanted Taylor Swift
70%
Teardrops On My Guitar Taylor Swift
70%
The boy is mine Ariana Grande
67%
What Was I Made For? Billie Eilish
67%
The Climb Miley Cyrus
67%
Wish you were gay Billie Eilish
63%
Nonsense Sabrina Carpenter
63%
Obsessed Olivia Rodrigo
52%
7 Things Miley Cyrus
30%
Bad idea Ariana Grande
26%
Scared of my guitar Olivia Rodrigo
26%
No se encontraron pruebas coincidentes
Distribución de puntuación
Porcentaje de gente con cada puntuación
Porcentaje por número respondido
Historial de tus puntuaciones
No has intentado esta prueba.